000 00803nam a2200193Ia 4500
003 GCL
008 140319s9999 xx 000 0 ara d
040 _aGCL /
_cGCL
082 0 4 _a343.096
_bع ق
100 1 _aعبدالفتاح مراد
_vReviewer
_@
…راجع
245 1 0 _aقانون التجارة البحرى رقم 8 لسنة 1990 والقرارات المكملة له /
_cعبدالفتاح مراد
260 _aالقاهرة :
_bشركة البهاء للبرمجيات والكومبيوتر والنشر الالكترونى ،
_c2003
300 _a204 ص ؛
_c16 سم
650 0 4 _aالقانون البحرى
650 0 4 _aالموانئ
650 0 4 _aالنقل البحرى
650 0 4 _aالتجارة البحرية - قوانين وتشريعات
942 _2ddc
_cBK
999 _c6349
_d6349